Psalms II (51-100) : (Record no. 2529)
[ view plain ]
| 000 -LEADER | |
|---|---|
| fixed length control field | 00677nam a2200229 4500 |
| 005 - DATE AND TIME OF LATEST TRANSACTION | |
| control field | 20190815082702.0 |
| 008 - FIXED-LENGTH DATA ELEMENTS--GENERAL INFORMATION | |
| fixed length control field | 010720s1968 us 0 engYA |
| 020 ## - INTERNATIONAL STANDARD BOOK NUMBER | |
| International Standard Book Number | 038502765697 |
| 090 ## - LOCALLY ASSIGNED LC-TYPE CALL NUMBER (OCLC); LOCAL CALL NUMBER (OCLC) | |
| Classification number (OCLC) (R) ; Classification number, CALL (RLIN) (NR) | BS192.2 |
| Local cutter number (OCLC) ; Book number/undivided call number, CALL (RLIN) | An2 |
| -- | PsaII |
| 100 1# - MAIN ENTRY--PERSONAL NAME | |
| Personal name | Dahood, Mitchell |
| 245 10 - TITLE STATEMENT | |
| Title | Psalms II (51-100) : |
| Remainder of title | introduction, translation and notes / |
| Statement of responsibility, etc | by Mitchell Dahood |
| 260 ## - PUBLICATION, DISTRIBUTION, ETC. (IMPRINT) | |
| Place of publication, distribution, etc | New York : |
| Name of publisher, distributor, etc | Doubleday, |
| Date of publication, distribution, etc | c1968. |
| 300 ## - PHYSICAL DESCRIPTION | |
| Extent | 399 p. |
| 336 ## - CONTENT TYPE | |
| Content Type Term | text |
| 337 ## - MEDIA TYPE | |
| Media Type Term | unmediated |
| 338 ## - CARRIER TYPE | |
| Carrier Type Term | volume |
| 490 1# - SERIES STATEMENT | |
| Series statement | The Anchor Bible; |
| Volume number/sequential designation | 17 |
| 504 ## - BIBLIOGRAPHY, ETC. NOTE | |
| Bibliography, etc | Biblio. : xxix-xxx. |
| 650 #4 - SUBJECT ADDED ENTRY--TOPICAL TERM | |
| Topical term or geographic name as entry element | Bible. O.T. Psalms LI-C |
| General subdivision | Commentaries |
| 730 0# - ADDED ENTRY--UNIFORM TITLE | |
| Uniform title | Bible. O.T. Psalms LI-C. Dahood. 1968. |
| 942 ## - ADDED ENTRY ELEMENTS (KOHA) | |
| Source of classification or shelving scheme | Library of Congress Classification |
| Item type | Books |
| Withdrawn status | Lost status | Damaged status | Not for loan | Home library | Current library | Shelving location | Date acquired | Inventory number | Shelving control number | Total Checkouts | Full call number | Date last seen | Price effective from | Koha item type | Source of classification or shelving scheme | Source of acquisition | Barcode | Copy number |
|---|---|---|---|---|---|---|---|---|---|---|---|---|---|---|---|---|---|---|
| BSOP Library | BSOP Library | Reference | 12/21/2000 | 11676 | 127 | BS192.2/An2/PsaII | 02/23/2013 | 02/23/2013 | Books | |||||||||
| BSOP Library | BSOP Library | David Weisberg Collection | 03/04/2019 | 45496 | REF BS192.2 An2 PsaII | 03/04/2019 | 03/04/2019 | Books | Library of Congress Classification | Donated by Dr. David and Oprah Weisberg | 00056496 | c.2 | ||||||
| BSOP Library | BSOP Library | GC | 08/15/2019 | 6245 | BS192.2 An2 PsaII c.3 | 08/15/2019 | 08/15/2019 | Books | Library of Congress Classification | 00050607 | c.3 |
